000
00287nam a22000977a 4500
999
_c
515763
_d
515763
082
_a
TNC A99 M896
100
_a
Mukerji, Bithika
_9
21585
245
_a
Life and Teachings of Sri Ma Anandamayi :
_b
A bird on the wing
_c
by Bithika Mukerji
260
_a
Delhi
_b
Sri satguru
_c
1997
300
_a
347p.